000 00549nam a2200157 4500
999 _c80301
_d80301
008 201207b ||||| |||| 00| 0 eng d
040 _aISIL EINTRAGEN
_bger
_cSTAFF
_erda
041 _ager
100 _aHain, Simone
245 _aBauhausarchitektur als "weltanschauliche Demonstration".
_bDie Bundesschule des ADGB in Bernau
773 _dBerlin: Die Mark Brandenburg - Verlag für Regional- und Zeitgeschichte
_g(2019) Heft 114, S. 24-27
_tDie Mark Brandenburg
942 _cA